| 000 | 01587cam a22001934a 4500 | ||
|---|---|---|---|
| 005 | 20250605164134.0 | ||
| 008 | 250528s ||||||||||||||||||||||||d | ||
| 035 | _a18710 | ||
| 020 | _a9600208425 | ||
| 040 |
_aGR-AtMCL _bgre _dGR-AtMCL _eAACR2 |
||
| 245 | 1 | _aΜαζική Επικοινωνία και Πραγματικότητα | |
| 260 |
_bΠαπαζήση, _c1990 |
||
| 300 | _a256 | ||
| 520 | _aΠρόλογος, Εισαγωγή, Μεθοδολογικές Προσεγγίσεις, Η ''Οντολογία'' της Πληροφορίας, Η Εξουσία του (Επικοινωνιακού) Λόγου, Οι Θεσμοί ως ''Αντικειμενοποιήσεις'', Η Δομή της Μαζικής Επικοινωνίας, Τα Στερεότυπα και η ''Κοινή'' Γνώμη, ''Πλουραλιστική'' Αντικειμενικότητα, Πληροφορίες και Κοινωνικός Έλεγχος, Η Βία πίσω από τα Μαζικά Μέσα, Επικοινωνία και Μαζική Κουλτούρα, Ο ''Μηχανισμός'' της Διαφήμισης, Η Αφίσα και η Λειτουργία της, Τα Χρώματα στην Επικοινωνία, Για μια Παιδαγωγική των Μέσων, Συμπεράσματα, Σημειώσεις, Πίνακες Ονομάτων και Όρων και Εννοιών, Βιβλιογραφία, Παράρτημα (Θεμικό Πλαίσιο). | ||
| 700 | 1 |
_aΤσαρδάκης Δημήτρης _9542 |
|
| 942 | _cBK | ||
| 999 |
_c4036 _d4036 |
||